=LDR 00000nam 2200000 4500 =001 INLIS000000000005206 =005 20130612093447 =008 ***********************************Ind** =035 ##$$0010-061300000005206 =041 ##$$a Ind =082 ##$$a 658.809 639 3 =090 ##$$a 658.809 639 3, Han t =100 ##$$a HANAFIAH, A.M =245 ##$$a Tata Niaga hasil perikanan, A.M. Hanafiah, A.M. Saefuddin =260 ##$$a 1986 $b Jakarta =300 ##$$a v, 207 hlm, ilus, 23 cm =650 ##$$a Tata Niaga =650 ##$$a Perikanan =700 ##$$a SAEFUDDIN, A.M =850 ##$$a NBPNMAT